Statistics for Things with specific titles for leaders

Click here to take the quiz!

General Stats

  • This quiz has been taken 13 times
  • The average score is 5 of 16

Answer Stats

HintAnswer% Correct
PopeCatholic Church
91%
PharaohAncient Egypt
91%
ShogunJapan
73%
ShahIran
73%
QuizmasterJetPunk
55%
Grand WizardKu Klux Klan
36%
ConducătorRomania
18%
Yang di pertuan agongMalaysia
18%
O le ao o le maloSamoa
18%
Supreme GovernorChurch of England
9%
LehendakariBasque Country
9%
RiigihoidjaEstonia
9%
LamidoBauchi Emirate
0%
MepeGeorgia
0%
Presidente del MagistratoBolognese Republic
0%
TabarnaHittite Empire
0%

Score Distribution

Percentile by Number Answered

Percent of People with Each Score

Your Score History

You have not taken this quiz